00320 2200133 4500001002100000005001500021035002000036245006200056300000800118260002800126082000800154084001200162990001200174INLIS00000000000215520250527114431 a0010-0525000447 aCara Pintar dan Karya Jadi Pengusaha Catering /cAgnes Yo a137 bIndonesia Cerdas,c2008 a600 a600 CAR a0713244